Az emberiség képviselői
Elmentve itt :
| Szerző: | |
|---|---|
| Adatforrás: | Philobibl |
| Dokumentumtípus: | Könyv |
| Nyelv: | magyar |
| Kulcsszavak: | filozófia, amerikai |
| Megjelent: |
Bp.
Franklin
1923
|
| Sorozat: | Kultúra és tudomány 44.
|
| LEADER | 00458nam a2200157 c 4500 | ||
|---|---|---|---|
| 001 | bibDOK00006787 | ||
| 005 | 20200924120251.9 | ||
| 008 | 060518s1923 hu hun | ||
| 100 | 1 | |a Emerson, Ralph Waldo | |
| 245 | 1 | 3 | |a Az emberiség képviselői |c Emerson, Ralph Waldo |
| 260 | |a Bp. |b Franklin |c 1923 | ||
| 300 | |a 236 p. | ||
| 490 | 1 | |a Kultúra és tudomány 44. | |
| 500 | |a Wildner Ödön (ford.) | ||
| 695 | |a filozófia, amerikai | ||
| 830 | 0 | |a Kultúra és tudomány 44. | |